000 00595cam a2200241 4500
001 ABS60350
008 090401t1999 xxu||||| |||| 00| 0 eng d
035 _a(Sirsi) u92023
041 _aeng
245 _aPlanning obligations for sport
260 _c1999
350 _a0
490 _aPlanning Bulletin
_v(4) February 1999 (19) (LOAN)
650 _aLEGISLATION
650 _aLEISURE
650 _aLOTTERY FUNDING
650 _aPLANNING OBLIGATIONS
650 _aSPORT
650 _aSPORTS FACILITIES
690 _aPLANNING LAW AND PRACTICE
942 _n0
948 _c12/03/1999
999 _c97706
_d97706